| 000 | 00581nam#a2200193#c#4500 | ||
|---|---|---|---|
| 003 | IEF | ||
| 005 | 20180219163132.0 | ||
| 008 | 941205suuuu uuu####fr####| 0||u| |u | ||
| 040 | _aIEF | ||
| 110 | 2 |
_aFrancia. Assemblée Nationale _9223 |
|
| 245 | _aProposition de loi organique modifient les dispositions du code électoral relatives a la composition de l'Assemblée Nationale et dy Sénat | ||
| 300 |
_a3 p. _c 30 cm. |
||
| 490 | _aAssemblée Nationale ; 337 | ||
| 650 | 4 |
_aFRANCIA _944475 |
|
| 650 | 4 |
_aELECCIONES _943408 |
|
| 942 | _cLIB | ||
| 942 | _z38808 | ||
| 999 |
_c78857 _d78857 |
||